15 Most Famous Cities in Haiti on a Map - Statistics

General Stats
  • This quiz has been taken 98 times
  • The average score is 7 of 15
Answers on the Map
Answers color-coded by a green-red scale on the quiz's map according to % correct below.
 
Answer Stats
Wiki Monthly Views Cityquiz Mention Rate Population Answers % Correct
45.62K 38.93% 875.98K Port-au-Prince
98%
9.79K 2.22% 155.50K Cap-Haïtien
72%
3.28K 0.87% 228.72K Gonaïves
52%
2.40K 1.02% 430.25K Carrefour
48%
4.55K 0.94% 39.64K Jacmel
48%
5.14K 3.21% 271.18K Pétion-Ville
46%
2.26K 0.89% 99.58K Port-de-Paix
43%
2.55K 0.42% 34.79K Jérémie
41%
4.10K 0.21% 241.06K Cité Soleil
33%
1.90K 0.41% 359.45K Delmas
31%
3.35K 0.95% 71.24K Les Cayes
31%
2.58K 0.92% 122.75K Saint-Marc
31%
1.74K 0.11% 30.59K Hinche
30%
2.15K 0.16% 84.81K Croix-des-Bouquets
28%
2.25K 0.20% 78.48K Léogâne
26%
No matching quizzes found
Score Distribution
Percent of People with Each Score
Percentile by Number Answered
Your Score History
You have not taken this quiz